header

Slavery, Civil War, and salvation (Record no. 145232)

MARC details
000 -LEADER
fixed length control field 01652nam a2200373Ia 4500
082 04 - DEWEY DECIMAL CLASSIFICATION NUMBER
Classification number 261.8
100 1# - MAIN ENTRY--AUTHOR NAME
Personal name Fountain, Daniel L.,
245 10 - TITLE STATEMENT
Title Slavery, Civil War, and salvation
260 ## - PUBLICATION, DISTRIBUTION, ETC. (IMPRINT)
Place of publication Baton Rouge :
Name of publisher Louisiana State University Press,
Year of publication c2010.
300 ## - PHYSICAL DESCRIPTION
Number of Pages xi, 159 p.
490 1# - SERIES STATEMENT
Series statement Conflicting worlds
650 #0 - SUBJECT ADDED ENTRY--TOPICAL TERM
Topical Term Slaves
Topical Term African Americans
Topical Term Slavery and the church
Topical Term Christian converts
Topical Term Slave narratives
856 40 - ELECTRONIC LOCATION AND ACCESS
Uniform Resource Identifier http://site.ebrary.com/lib/rucke/Doc?id=10428905

No items available.

© 2026 Rongo University
Contact us: librarian | system librarian | Rongo university